Biblioteca y Centro de Documentación

Le relazioni industriali come fattore di competitività (Registro nro. 41368)

Detalles MARC
000 -CABECERA
Longitud fija campo de control 01090naa a2200301 c 4500
001 - NÚMERO DE CONTROL
Número de control 41368
003 - IDENTIFICADOR DE NÚMERO DE CONTROL
Identificador del número de control ES-MaCES
005 - FECHA Y HORA DE LA ÚLTIMA TRANSACCIÓN
Fecha y hora de la última transacción 20110303140500.0
008 - CAMPO FIJO DE DESCRIPCIÓN FIJA--INFORMACIÓN GENERAL
Códigos de información de longitud fija   110303n2010 it t 000 | ita d
035 ## - NÚMERO DE CONTROL DEL SISTEMA
Número de control del sistema CES20110002596v
040 ## - FUENTE DE CATALOGACIÓN
Centro catalogador de origen ES-MaCES
Lengua de catalogación spa
Centro transcriptor ES-MaCES
100 1# - ENCABEZAMIENTO PRINCIPAL--NOMBRE PERSONAL
Nombre de persona Marazza, Marco
9 (RLIN) 17449
245 13 - MENCIÓN DE TÍTULO
Título Le relazioni industriali come fattore di competitività
Resto del título : il caso della privatizzazione Alitalia
Mención de responsabilidad, etc. Marco Marazza e Francesco Micheli
500 ## - NOTA GENERAL
Nota general Resumen
650 #4 - ASIENTO SECUNDARIO DE MATERIA--TÉRMINO DE MATERIA
Término de materia o nombre geográfico como elemento inicial Italia
9 (RLIN) 26952
650 #4 - ASIENTO SECUNDARIO DE MATERIA--TÉRMINO DE MATERIA
Término de materia o nombre geográfico como elemento inicial deducción tributaria
9 (RLIN) 28088
650 #4 - ASIENTO SECUNDARIO DE MATERIA--TÉRMINO DE MATERIA
Término de materia o nombre geográfico como elemento inicial intervención estatal
9 (RLIN) 29380
650 #4 - ASIENTO SECUNDARIO DE MATERIA--TÉRMINO DE MATERIA
Término de materia o nombre geográfico como elemento inicial planificación corporativa
9 (RLIN) 30332
650 #4 - ASIENTO SECUNDARIO DE MATERIA--TÉRMINO DE MATERIA
Término de materia o nombre geográfico como elemento inicial desregulación
9 (RLIN) 31743
650 #4 - ASIENTO SECUNDARIO DE MATERIA--TÉRMINO DE MATERIA
Término de materia o nombre geográfico como elemento inicial privatización
9 (RLIN) 29788
650 #4 - ASIENTO SECUNDARIO DE MATERIA--TÉRMINO DE MATERIA
Término de materia o nombre geográfico como elemento inicial empresa pública
9 (RLIN) 27148
653 10 - TÉRMINO DE INDEXACIÓN--NO CONTROLADO
Término no controlado Empresa
700 1# - ENCABEZAMIENTO SECUNDARIO--NOMBRE PERSONAL
Nombre de persona Micheli, Francesco
9 (RLIN) 18557
773 0# - ENTRADA DE DOCUMENTO FUENTE
Título Giornale di diritto del lavoro e di relazioni industriali
Parte(s) relacionada(s) anno 32, n. 128 (2010/4){10158 R. 078399}; p. 659-700
Número de control del registro relacionado (ES-MaCES)25175
Itemnumber del ítem fuente 40009
902 ## - CES. TIPO DE DOCUMENTO
Tipodoc (006$c Sirtex) ART Artículo de revista
942 ## - ELEMENTOS KOHA
Fuente de clasificaión o esquema Clasificación propia del CES
Koha [por defecto] tipo de item Artículos (1982-2017)
Parte de clasificación 0.0.

No hay ítems disponibles.

© CES, Consejo Económico y Social de España 2021